Logo BPK

Biblioteka

Politechniki Koszalińskiej

Primaty : (Rekord nr 21540)

Szczegóły MARC
000 -ETYKIETA REKORDU
podpole kontrolne o stałej długości 00466nam a2200169 i 4500
001 - NUMER KONTROLNY REKORDU
pole kontrolne bg
040 ## - ŹRÓDŁO KATALOGOWANIA
Instytucja, która utworzyła rekord BPK
041 ## - KOD JĘZYKA
Kod języka tekstu pol
080 ## - UNIWERSALNA KLASYFIKACJA DZIESIĘTNA - UKD
UKD 599
008 - POLE O STAŁEJ DŁUGOŚCI - DANE KONTROLNE
podpole kontrolne o stałej długości s pl f |000 0 pol
100 1# - NAZWA OSOBOWA
Nazwa osobowa FRIDMAN, Eman P.
245 10 - TYTUŁ/ODPOWIEDZIALNOŚĆ
Tytuł Primaty :
Ciąg dalszy tytułu sovremennyje polubez'jany, obez'jany i celowek /
Pozostałe elementy strefy tytułu i oznaczenia odpowiedzialności E[man] P. Fridman.
260 ## - STREFA ADRESU WYDAWNICZEGO
Miejsce wydania Moskva :
Nazwa wydawcy/dystrybutora Izdat. "Nauka",
Data publikacji, dystrybucji/powstania dokumentu 1979.
300 ## - STREFA OPISU FIZYCZNEGO
Objętość s. 207, nlb. 1 :
Inne cechy fizyczne ilustr., tabl. nlb.13.
500 ## - UWAGI OGÓLNE
Tekst uwagi [Alf. ros.].
942 ## - DODATKOWE ELEMENTY (KOHA)
Typ dokumentu Książka
Egzemplarze
Wycofany Status egzemplarza Uszkodzony Dostępność Lokalizacja stała Lokalizacja bieżąca Miejsce przechowywania Sygnatura Kod kreskowy Typ dokumentu
      Dostępny Biblioteka Politechniki Koszalińskiej Biblioteka Politechniki Koszalińskiej Wypożyczalnia BG 30254 01565058 Książka
© 2023 Biblioteka Politechniki Koszalińskiej :: KOHA